20 najludniejszych miast w Polsce nie licząc miast wojewódzkich - Statystyki

Ogólne statystyki
  • Ten quiz został rozwiązany 296 razy
  • Średni wynik to 14 z 20
Statystyki odpowiedzi
Liczba ludności Miasto % Poprawnych
246 348 Gdynia
95%
211 371 Radom
90%
220 433 Częstochowa
83%
178 603 Gliwice
79%
199 974 Sosnowiec
79%
172 360 Zabrze
76%
119 425 Płock
72%
170 663 Bielsko-Biała
69%
100 246 Kalisz
67%
107 048 Koszalin
67%
108 470 Tarnów
67%
107 807 Chorzów
66%
165 263 Bytom
65%
119 317 Elbląg
64%
111 356 Wałbrzych
63%
127 590 Tychy
62%
138 098 Rybnik
61%
119 373 Dąbrowa Górnicza
58%
109 883 Włocławek
57%
137 360 Ruda Śląska
55%
Nie znaleziono quizów pasujących do podanych kryteriów
Rozkład punktacji
Procent ludzi z każdym wynikiem
Percentyl według liczby udzielonych odpowiedzi
Twoja historia wyników
Nie rozwiązałeś tego quizu